000 00372 a2200133 4500
005 20250629104815.0
020 _a978-9966-46-295-3
082 _a651 GIC
100 _aGICHIRA, R . N .
245 _aA Textbook of Office Practice and Organization
260 _aNairobi,
_bEast African Educational,
_c1985,
300 _aix, 296p.: ill.;
_bindex,
_c21cm.
942 _2ddc
_cBKS
999 _c6272
_d6272